Anagrams of world leaders - Statistics

General Stats
  • This quiz has been taken 5 times
  • The average score is 4 of 15
Answer Stats
Anagram Political head % Correct
German elk ale Angela Merkel
100%
Invalid Trump I Vladimir Putin
100%
Nuclear ammo men Emmanuel Macron
75%
Jab any inhuman teen Benjamin Netanyahu
50%
Enable thee quiz Queen Elizabeth
25%
Vibrator con Victor Orban
25%
Only these bananas Anthony Albanese
0%
Lad of genocidal Colonel Gaddafi
0%
Mango doze Mao Zedong
0%
Miracle hitman Micheál Martin
0%
Nasal lemon end Nelson Mandela
0%
Raccoon dualism Nicolas Maduro
0%
Profane pics Pope Francis
0%
Dead man sushis Saddam Hussein
0%
Evil bilious scorn Silvio Berlusconi
0%
No matching quizzes found
Score Distribution
Percent of People with Each Score
Percentile by Number Answered
Your Score History
You have not taken this quiz